000 00567cam a2200193 a 4500
003 PILC
005 20150529112218.0
008 131218s 000 0 eng d
020 _a9789814598026
050 0 0 _aQC 23
_b.H611 2014
100 1 _aHewitt, Paul G.
245 1 0 _aConceptual physics /
_cPaul G. Hewitt.
250 _aEleventh edition, Low Price edition, Philippine edition.
260 _aSingapore :
_bPearson,
_c2014
300 _axiv, 848 pages :
_billustrations ;
_c28 cm.
500 _aIncludes index.
650 0 _aPhysics.
942 _2lcc
_cBK
_kFOR
999 _c284509
_d284509